1580 1640 1756 1131 1396 1244 1804 1975 1757 1382 1610 1057 1505 1050 1338 1323 1938 1481 1487 1929 1337 1756 1753 1915 1186 1113 1527 1027 1053 1880 1207 1310 1165 1839 1404 1535 1939 1881 1020 1200 1092 1002 1485 1651 1108 1930 1733 1461 1031 1550 1066 1175 1377 1697 1852 1605 1211 1564 1638 1233 1745 1062 1403 1376 1824 1869 1011 1896 1101 1786 1489 1898 1998 1395 1676 1382 1792 1899 1969 1630 1200 1683 1543 1600 1170 1597 1776 1359 1957 1409 1383 1053 1236 1370 1226 1998 1498 1638 1258 BCNSPRNW ULIB Ver.6.0+V

เปลี่ยนเป็นภาษาไทย

Change to English
 แสดงรายละเอียดบรรณานุกรม
  กลับหน้าหลัก

Brief Record : Get Marc (ISO 2709) : E-mail record : QR code < ปิดหน้าต่าง
LEADER : 00000nam 2200000uu 4500
001    13399112557
003     ULIB
008    110824s2552||||th 000 0 tha d
020    9786169028307
090    นว.^bบ422ฮ 2552
100 0  บุญชรัสมิ์ สุขสว่าง
245 00 แฮร์รี่ พอตเตอร์ เรื่องราวของเด็กชายผู้รอดชีวิต/^cบุญชรัสมิ์ สุขสว่าง
250    พิมพ์ครั้งที่ 1
260    กรุงเทพฯ :^bอัลเลลูยาพับลิชชิ่ง,^c2552
300    213 หน้า
945    ^p140^l0^i026777
995    ทศพร
999     ^aใช้งานได้ทุกระบบ
รายการนี้ยังไม่มีแท็ก
คุณยังไม่ได้ล็อกอิน คุณสามารถมีกิจกรรมร่วมกับเว็บไซต์ได้ แต่ต้องล็อกอินก่อน ::
  ล็อกอิน

รายการสื่อสารสนเทศ

ลำดับที่ ประเภท เลขเรียก/บาร์โค้ด สถานที่ สถานะ
- ไม่พบข้อมูล -

BibComment


ยังไม่เคยถูกคอมเมนท์

คอมเมนท์ทรัพยากรรายการนี้
  คอมเมนท์: แฮร์รี่ พอตเตอร์ ..


 Copyright 2026. Bcnsprnw @Library